000 01902cam a22002054a 4500
005 20250605163933.0
008 250528s ||||||||||||||||||||||||d
035 _a14753
020 _a73177996
040 _aGR-AtMCL
_bgre
_dGR-AtMCL
_eAACR2
245 1 _aScience and Sentiment in America / Philosophical Thought from Jonathan Edwards to John Dewey
260 _bOxford University Press,
_c1972
300 _a360
505 0 _aPrologue: Philosophy and Science and Civilization, The Legacy of Locke: Intuition Versus Enthusiasm, Jonathan Edwards: The Doctrine of Necessity and the Sense of the Heart, ''We Hold these Truths to Be Self-Evident, Transcendentalism: ''Hallelujah to the Reason Forevermore'', Ralph Waldo Emerson: Overseer of the Oversoul, Chauncey Wright: Empiricist Philosopher of Evolutionary Science, Charles Peirce: Pragmatist and Metaphysician, William James: Pragmatism and the Whole Man, Josiah Royce: Science and Christianity and Absolute Idealism, George Santayana: Sage of Materialism, John Dewey: Rebel Against Dualism, Epilogue: In Retrospect and in Prospect and in Candor, Notes, Index.
520 _aPrologue: Philosophy and Science and Civilization, The Legacy of Locke: Intuition Versus Enthusiasm, Jonathan Edwards: The Doctrine of Necessity and the Sense of the Heart, ''We Hold these Truths to Be Self-Evident, Transcendentalism: ''Hallelujah to the Reason Forevermore'', Ralph Waldo Emerson: Overseer of the Oversoul, Chauncey Wright: Empiricist Philosopher of Evolutionary Science, Charles Peirce: Pragmatist and Metaphysician, William James: Pragmatism and the Whole Man, Josiah Royce: Science and Christianity and Absolute Idealism, George Santayana: Sage of Materialism, John Dewey: Rebel Against Dualism, Epilogue: In Retrospect and in Prospect and in Candor, Notes, Index.
700 1 _aWhite Morton
_9508
942 _cBK
999 _c373
_d373